[Event "GER-ch Seniors 65 31st"]
[Site "Radebeul"]
[Date "2019.04.26"]
[Round "1"]
[White "Jacob, Helmut"]
[Black "Mertens, Gottfried"]
[Result "1/2-1/2"]
[WhiteElo "2107"]
[BlackElo "1782"]
[PlyCount "114"]
[EventDate "2019.04.26"]
[EventType "swiss"]
[EventRounds "9"]
[EventCountry "GER"]
[SourceTitle "CBM 190 Extra"]
[Source "ChessBase"]
[SourceDate "2019.07.15"]
[SourceVersion "1"]
[SourceVersionDate "2019.07.15"]
[SourceQuality "1"]

1. e4 e6 2. Nf3 d5 3. Nc3 dxe4 4. Nxe4 Be7 5. d4 Nf6 6. Bd3 b6 7. c3 0-0 8. Qe2 Bb7 9. 0-0 Nbd7 10. Re1 Nxe4 11. Bxe4 Bxe4 12. Qxe4 Nf6 13. Qe2 c5 14. Bg5 cxd4 15. Nxd4 Qd5 16. Nf3 Rad8 17. b3 Qd3 18. Nd4 Qxe2 19. Rxe2 Nd5 20. Bd2 Bf6 21. Nf3 Rd7 22. a4 Rc8 23. a5 b5 24. a6 Rc6 25. Ra5 Nc7 26. Bf4 Nd5 27. Be5 Rb6 28. Rd2 Bxe5 29. Nxe5 Rdd6 30. c4 bxc4 31. Nxc4 Rxa6 32. Rb5 Rd8 33. Ne3 Rad6 34. Nc4 R6d7 35. Ne5 Rc7 36. h3 f6 37. Nc4 Kf7 38. Ra5 Rb7 39. Ra6 Rbd7 40. Ra1 Ke7 41. Rda2 Nb6 42. Rxa7 Nxc4 43. bxc4 Rxa7 44. Rxa7+ Rd7 45. Rxd7+ Kxd7 46. Kf1 Kc6 47. Ke2 Kc5 48. Kd3 e5 49. g4 g6 50. Ke4 Kxc4 51. g5 f5+ 52. Kxe5 Kd3 53. Kf6 Ke2 54. Kg7 Kxf2 55. Kxh7 Kg3 56. Kxg6 f4 57. Kh7 f3 1/2-1/2

[Event "GER-chA Seniors 28th"]
[Site "Niederhausen"]
[Date "2016.08.19"]
[Round "7"]
[White "Schulz, Gerhard1111"]
[Black "Mertens, Gottfried"]
[Result "0-1"]
[WhiteElo "1853"]
[BlackElo "1959"]
[PlyCount "78"]
[EventDate "2016.08.13"]
[EventType "swiss"]
[EventRounds "9"]
[EventCountry "GER"]
[SourceTitle "EXT 2019"]
[Source "ChessBase"]
[SourceDate "2018.10.10"]
[SourceVersion "1"]
[SourceVersionDate "2018.10.10"]
[SourceQuality "1"]

1. d4 f5 2. Nf3 g6 3. b3 Nf6 4. Bb2 Bg7 5. c4 d6 6. g3 Na6 7. Bg2 0-0 8. 0-0 c6 9. Nc3 Nc7 10. d5 c5 11. Qc2 a6 12. e4 Ng4 13. exf5 Bxf5 14. Qe2 Ne5 15. Nxe5 Bxe5 16. Ne4 Bxb2 17. Qxb2 b5 18. Qe2 Rb8 19. Ng5 e5 20. Nf3 Qf6 21. Nh4 Bd7 22. Rab1 g5 23. f4 gxh4 24. fxe5 Qxe5 25. Rxf8+ Rxf8 26. Qxe5 dxe5 27. Re1 hxg3 28. hxg3 bxc4 29. bxc4 Ne8 30. Rxe5 Nd6 31. Bf1 h6 32. Bd3 Re8 33. Rh5 Kg7 34. Kf2 Bg4 35. Rh1 Bf5 36. Be2 Ne4+ 37. Kf3 Nc3 38. Ra1 Bd3 39. d6 Bxe2+ 0-1

[Event "GER-chA Seniors 28th"]
[Site "Niederhausen"]
[Date "2016.08.15"]
[Round "3"]
[White "Mertens, Gottfried"]
[Black "Minte, Horst"]
[Result "1/2-1/2"]
[WhiteElo "1959"]
[BlackElo "1877"]
[PlyCount "120"]
[EventDate "2016.08.13"]
[EventType "swiss"]
[EventRounds "9"]
[EventCountry "GER"]
[SourceTitle "EXT 2019"]
[Source "ChessBase"]
[SourceDate "2018.10.10"]
[SourceVersion "1"]
[SourceVersionDate "2018.10.10"]
[SourceQuality "1"]

1. e3 d5 2. f4 g6 3. Nf3 Bg7 4. d4 Nf6 5. Bd3 0-0 6. 0-0 Re8 7. Nbd2 e6 8. Ne5 Nbd7 9. Ndf3 Nxe5 10. Nxe5 Nd7 11. Qf3 Nxe5 12. fxe5 Qe7 13. Bd2 a5 14. Be1 Rf8 15. Bg3 c6 16. Qg4 f5 17. exf6 Rxf6 18. Bh4 Rxf1+ 19. Rxf1 Qe8 20. Qe2 b5 21. c3 e5 22. dxe5 Qxe5 23. e4 d4 24. c4 b4 25. Bg3 Qe7 26. e5 c5 27. Be4 Ra6 28. Bd5+ Be6 29. Qe4 Kh8 30. Bh4 Qe8 31. Bf6 Bf5 32. Bxg7+ Kxg7 33. Qf4 Qe7 34. g4 Be6 35. Qf6+ Qxf6 36. exf6+ Kf7 37. g5 Bxd5 38. cxd5 Rd6 39. Re1 Rd7 40. Re5 c4 41. Kf2 c3 42. bxc3 dxc3 43. Ke2 a4 44. Kd3 Rb7 45. Kc2 Rc7 46. d6 Rd7 47. Re4 Rxd6 48. Rxb4 Rd2+ 49. Kxc3 Rxa2 50. h4 h6 51. Rb7+ Kg8 52. Rg7+ Kf8 53. Rxg6 hxg5 54. hxg5 Rg2 55. Kb4 Rg4+ 56. Ka3 Kf7 57. Rg7+ Kf8 58. g6 Rf4 59. Rf7+ Kg8 60. Kb2 Rf3 1/2-1/2

[Event "Hessen-ch Seniors op 12th"]
[Site "Bad Sooden-Allendorf"]
[Date "2016.05.08"]
[Round "8"]
[White "Mertens, Gottfried"]
[Black "Andersen, Knut"]
[Result "0-1"]
[WhiteElo "1961"]
[BlackElo "2066"]
[PlyCount "116"]
[EventDate "2016.04.30"]
[EventType "swiss"]
[EventRounds "9"]
[EventCountry "GER"]
[SourceTitle "EXT 2019"]
[Source "ChessBase"]
[SourceDate "2018.10.10"]
[SourceVersion "1"]
[SourceVersionDate "2018.10.10"]
[SourceQuality "1"]

1. e3 d5 2. f4 g6 3. Nf3 Bg7 4. d4 b6 5. Bd3 Ba6 6. 0-0 Nf6 7. Bxa6 Nxa6 8. Qe2 Qc8 9. c3 0-0 10. Nbd2 c5 11. Ne5 Qb7 12. b3 Rac8 13. Ba3 cxd4 14. cxd4 b5 15. Rfc1 b4 16. Bb2 Rc7 17. Rxc7 Nxc7 18. Rc1 Rc8 19. Qf1 a6 20. Rc2 Nb5 21. Qc1 Rxc2 22. Qxc2 e6 23. g4 Bf8 24. h3 Bd6 25. g5 Nd7 26. Ndf3 Nb6 27. Ng4 Qc7 28. Qxc7 Nxc7 29. Kf2 a5 30. Nfe5 Kg7 31. Ke2 a4 32. Kd2 a3 33. Ba1 Ne8 34. Nc6 f6 35. h4 Kf7 36. Nf2 Nc8 37. Nd3 Nc7 38. Ndxb4 Ne7 39. Bc3 Nf5 40. Nc2 Nxh4 41. gxf6 Nb5 42. Bb4 Bxb4+ 43. N2xb4 Kxf6 44. Nc2 h5 45. Ne5 Nf5 46. Nd7+ Kg7 47. Nc5 Kf7 48. Nd7 Ng3 49. Nc5 h4 50. Ne1 h3 51. Nf3 Nf1+ 52. Ke2 h2 53. Nxh2 Nxh2 54. Kf2 Ng4+ 55. Kf3 Nf6 56. e4 dxe4+ 57. Nxe4 Nxe4 58. Kxe4 Nc3+ 0-1

[Event "Hessen-ch Seniors op 12th"]
[Site "Bad Sooden-Allendorf"]
[Date "2016.05.03"]
[Round "4"]
[White "Mertens, Gottfried"]
[Black "Pape, Manfred"]
[Result "1/2-1/2"]
[WhiteElo "1961"]
[BlackElo "2113"]
[PlyCount "103"]
[EventDate "2016.04.30"]
[EventType "swiss"]
[EventRounds "9"]
[EventCountry "GER"]
[SourceTitle "EXT 2019"]
[Source "ChessBase"]
[SourceDate "2018.10.10"]
[SourceVersion "1"]
[SourceVersionDate "2018.10.10"]
[SourceQuality "1"]

1. e3 e5 2. d4 exd4 3. exd4 Nf6 4. Bd3 Nc6 5. Ne2 g6 6. c3 Bg7 7. Bg5 h6 8. Bh4 d6 9. Qc2 Ne7 10. Nd2 Bf5 11. Bxf6 Bxf6 12. Ne4 Bg7 13. N2g3 Bc8 14. 0-0-0 d5 15. Nd2 h5 16. Rhe1 Qd6 17. h4 Be6 18. Nf3 0-0-0 19. Ng5 Bh6 20. Kb1 Bxg5 21. hxg5 h4 22. Ne2 Rh5 23. Qd2 Bf5 24. Bxf5+ Nxf5 25. Ng1 Rf8 26. Nf3 Qd8 27. Re2 Re8 28. Rxe8 Qxe8 29. Re1 Qd8 30. Qf4 Nd6 31. Re5 c6 32. b3 Nf5 33. Kb2 Rh8 34. Qg4 Kb8 35. Qf4 Ka8 36. Re1 a6 37. Re5 Nd6 38. Nxh4 f6 39. Re6 fxg5 40. Qxd6 Qxd6 41. Rxd6 gxh4 42. Rxg6 Rf8 43. f3 h3 44. gxh3 Rxf3 45. Rh6 Rf2+ 46. Ka3 Rc2 47. Kb4 Rxa2 48. h4 Ka7 49. c4 dxc4 50. Kxc4 Rc2+ 51. Kd3 Rb2 52. Kc3 1/2-1/2

[Event "GER-chA Seniors 27th"]
[Site "Magdeburg"]
[Date "2015.08.22"]
[Round "8"]
[White "Ljubarskij, Jurij"]
[Black "Mertens, Gottfried"]
[Result "1-0"]
[WhiteElo "2264"]
[BlackElo "1929"]
[PlyCount "109"]
[EventDate "2015.08.15"]
[EventType "swiss"]
[EventRounds "9"]
[EventCountry "GER"]
[SourceTitle "EXT 2018"]
[Source "ChessBase"]
[SourceDate "2017.10.13"]
[SourceVersion "1"]
[SourceVersionDate "2017.10.13"]
[SourceQuality "1"]

1. e4 e6 2. d4 d5 3. Nd2 dxe4 4. Nxe4 Bd7 5. Nf3 Bc6 6. Bd3 Bxe4 7. Bxe4 c6 8. 0-0 Nf6 9. Bd3 Be7 10. Re1 0-0 11. c3 Nbd7 12. h3 c5 13. Bf4 cxd4 14. Nxd4 Qb6 15. Qe2 Rfe8 16. Nf3 Nd5 17. Bg3 N5f6 18. Rad1 Rad8 19. Ne5 Nc5 20. Bc2 Rxd1 21. Rxd1 Rd8 22. Re1 Ncd7 23. Nf3 Nf8 24. Be5 Ng6 25. Bd4 Bc5 26. Bxc5 Qxc5 27. Bxg6 hxg6 28. Nd4 Qd5 29. a4 a6 30. Qf3 Qxf3 31. Nxf3 Kf8 32. Kf1 Nd5 33. g3 Ke7 34. Ke2 f6 35. h4 e5 36. Rd1 Nb6 37. Rxd8 Kxd8 38. b3 Kd7 39. Kd3 Kd6 40. Nd2 Nd7 41. b4 f5 42. Nc4+ Kd5 43. Ne3+ Kd6 44. a5 e4+ 45. Kd4 Ke6 46. c4 Kd6 47. h5 Ke6 48. hxg6 Ne5 49. b5 Nxg6 50. Kc5 Ne5 51. Kb6 Nd7+ 52. Kxb7 Nc5+ 53. Kc6 Nd7 54. bxa6 Ne5+ 55. Kc7 1-0

[Event "GER-chA Seniors 27th"]
[Site "Magdeburg"]
[Date "2015.08.19"]
[Round "5"]
[White "Mertens, Gottfried"]
[Black "Hottes, Dieter"]
[Result "0-1"]
[WhiteElo "1929"]
[BlackElo "2116"]
[PlyCount "78"]
[EventDate "2015.08.15"]
[EventType "swiss"]
[EventRounds "9"]
[EventCountry "GER"]
[SourceTitle "EXT 2018"]
[Source "ChessBase"]
[SourceDate "2017.10.13"]
[SourceVersion "1"]
[SourceVersionDate "2017.10.13"]
[SourceQuality "1"]

1. f4 g6 2. Nf3 Bg7 3. g3 c5 4. Bg2 Nc6 5. d3 e6 6. 0-0 Nge7 7. Nc3 d6 8. e4 Qd7 9. Be3 b5 10. Qc1 Nd4 11. Bxd4 cxd4 12. Ne2 e5 13. c3 dxc3 14. bxc3 0-0 15. Rb1 a5 16. Rd1 Ba6 17. fxe5 dxe5 18. Qe3 Rfd8 19. Bf1 Nc6 20. Kg2 b4 21. c4 Qc7 22. Neg1 Bb7 23. Be2 Re8 24. Nd2 Bf8 25. Bf3 Nd4 26. Nb3 Ne6 27. Ne2 Rad8 28. h3 Be7 29. Kh2 a4 30. Nbc1 Kg7 31. Qf2 Bc5 32. Qf1 Rf8 33. Qg2 Ng5 34. Rf1 f5 35. h4 Nxf3+ 36. Qxf3 fxe4 37. Qg2 exd3 38. Qh3 Rxf1 39. Qxf1 Rf8 0-1

[Event "Wuertemberg-ch Seniors 27th"]
[Site "Freudenstadt"]
[Date "2015.07.09"]
[Round "7"]
[White "Mertens, Gottfried"]
[Black "Sand, Rolf"]
[Result "0-1"]
[WhiteElo "1893"]
[BlackElo "1983"]
[PlyCount "62"]
[EventDate "2015.07.03"]
[EventType "swiss"]
[EventRounds "9"]
[EventCountry "GER"]
[SourceTitle "EXT 2016"]
[Source "ChessBase"]
[SourceDate "2015.10.08"]
[SourceVersion "1"]
[SourceVersionDate "2015.10.08"]
[SourceQuality "1"]

1. f4 d5 2. Nf3 g6 3. g3 Bg7 4. Bg2 Nh6 5. 0-0 0-0 6. d3 c6 7. Nc3 Qb6+ 8. Kh1 d4 9. Ne4 Nf5 10. Rb1 Na6 11. Bd2 Nb4 12. c4 c5 13. a3 Nc6 14. b4 cxb4 15. axb4 Ne3 16. Bxe3 dxe3 17. Qa4 Bg4 18. b5 Nd4 19. Nxd4 Qxd4 20. Bf3 Bd7 21. Qb4 a6 22. Qxe7 axb5 23. cxb5 Rfe8 24. Qc5 Rxe4 25. Qc7 Ree8 26. Qxb7 Rab8 27. Rfc1 Bf8 28. Rc4 Qd6 29. b6 Bg4 30. Rb2 Be6 31. Rcc2 Rxb7 0-1

[Event "Wuertemberg-ch Seniors 27th"]
[Site "Freudenstadt"]
[Date "2015.07.07"]
[Round "5"]
[White "Mertens, Gottfried"]
[Black "Macher, Claus"]
[Result "1-0"]
[WhiteElo "1893"]
[BlackElo "2023"]
[PlyCount "77"]
[EventDate "2015.07.03"]
[EventType "swiss"]
[EventRounds "9"]
[EventCountry "GER"]
[SourceTitle "EXT 2016"]
[Source "ChessBase"]
[SourceDate "2015.10.08"]
[SourceVersion "1"]
[SourceVersionDate "2015.10.08"]
[SourceQuality "1"]

1. f4 d5 2. Nf3 g6 3. g3 Bg7 4. Bg2 c5 5. d3 Nf6 6. 0-0 Nc6 7. Nc3 0-0 8. e4 dxe4 9. dxe4 Qc7 10. e5 Rd8 11. Qe2 Nd5 12. Nxd5 Rxd5 13. c3 b6 14. Be3 Bb7 15. Ng5 Rdd8 16. Qc4 e6 17. b4 Rac8 18. Rac1 Ne7 19. Bxb7 Qxb7 20. bxc5 Nd5 21. Bf2 Bf8 22. Qe4 h6 23. Nxe6 fxe6 24. c4 Qf7 25. cxd5 exd5 26. Qc2 bxc5 27. Be1 d4 28. Qe4 Qf5 29. Qf3 h5 30. Kg2 c4 31. h3 d3 32. Bd2 Ba3 33. g4 hxg4 34. hxg4 Qf7 35. Rc3 Bb4 36. Rh1 Bxc3 37. Bxc3 Qg7 38. Qh3 d2 39. e6 1-0

[Event "Wuertemberg-ch Seniors 27th"]
[Site "Freudenstadt"]
[Date "2015.07.03"]
[Round "1"]
[White "Mertens, Gottfried"]
[Black "Pape, Manfred"]
[Result "0-1"]
[WhiteElo "1893"]
[BlackElo "2140"]
[PlyCount "22"]
[EventDate "2015.07.03"]
[EventType "swiss"]
[EventRounds "9"]
[EventCountry "GER"]
[SourceTitle "EXT 2016"]
[Source "ChessBase"]
[SourceDate "2015.10.08"]
[SourceVersion "1"]
[SourceVersionDate "2015.10.08"]
[SourceQuality "1"]

1. f4 e5 2. fxe5 d6 3. exd6 Bxd6 4. Nf3 Bg4 5. g3 h5 6. Bg2 h4 7. Nxh4 Rxh4 8. gxh4 Qxh4+ 9. Kf1 Bc5 10. Qe1 Qf6+ 11. Bf3 Bh3# 0-1

[Event "Hessen-ch Seniors op 11th"]
[Site "Bad Sooden-Allendorf"]
[Date "2015.05.15"]
[Round "7"]
[White "Mertens, Gottfried"]
[Black "Lueders, Guenter"]
[Result "1-0"]
[WhiteElo "1898"]
[BlackElo "1796"]
[PlyCount "112"]
[EventDate "2015.05.09"]
[EventType "swiss"]
[EventRounds "9"]
[EventCountry "GER"]
[SourceTitle "EXT 2018"]
[Source "ChessBase"]
[SourceDate "2017.10.13"]
[SourceVersion "1"]
[SourceVersionDate "2017.10.13"]
[SourceQuality "1"]

1. d4 d5 2. Nf3 Nf6 3. Bf4 e6 4. e3 Bd6 5. Bg3 Bxg3 6. hxg3 b6 7. Bd3 h6 8. Nbd2 Bb7 9. Ne5 Nbd7 10. Ndf3 Qe7 11. c3 a6 12. Qe2 Nxe5 13. Nxe5 c5 14. g4 Ne4 15. Bxe4 dxe4 16. f4 exf3 17. gxf3 cxd4 18. cxd4 Qb4+ 19. Qd2 Qxd2+ 20. Kxd2 0-0 21. e4 Rfd8 22. Ke3 Rac8 23. Rac1 Rxc1 24. Rxc1 Rc8 25. Rc3 Rxc3+ 26. bxc3 b5 27. a3 Kf8 28. Nd7+ Ke8 29. Nc5 Bc8 30. Kf4 Ke7 31. Kg3 Kd6 32. Nd3 f6 33. Nf4 e5 34. Nh5 exd4 35. cxd4 a5 36. Kf2 b4 37. axb4 axb4 38. Ke1 b3 39. Kd2 Ba6 40. Nxg7 Be2 41. Nf5+ Ke6 42. Nh4 Bb5 43. Kc3 Be8 44. Kxb3 h5 45. gxh5 Bxh5 46. Kc4 Kd7 47. Kc5 Kc7 48. d5 Be8 49. f4 Ba4 50. Nf5 Bc2 51. Nd6 Kd7 52. e5 fxe5 53. fxe5 Bb3 54. e6+ Ke7 55. Nf5+ Ke8 56. Kd6 Bc2 1-0

[Event "GER-chA Seniors 26th"]
[Site "Bad Neuenahr"]
[Date "2014.08.06"]
[Round "2"]
[White "Mertens, Gottfried"]
[Black "Zimmermann, Manfred"]
[Result "0-1"]
[WhiteElo "1874"]
[BlackElo "1925"]
[PlyCount "76"]
[EventDate "2014.08.05"]
[EventType "swiss"]
[EventRounds "9"]
[EventCountry "GER"]
[SourceTitle "EXT 2018"]
[Source "ChessBase"]
[SourceDate "2017.10.13"]
[SourceVersion "1"]
[SourceVersionDate "2017.10.13"]
[SourceQuality "1"]

1. b4 e5 2. Bb2 Bxb4 3. Bxe5 Nf6 4. c4 Nc6 5. Bb2 0-0 6. e3 Re8 7. Nf3 d6 8. Be2 Ba5 9. 0-0 Qe7 10. Nc3 a6 11. a3 Bb6 12. Qc2 h6 13. d4 Bg4 14. Rfe1 Qd7 15. Rad1 Bf5 16. Qa4 Ba7 17. d5 Ne5 18. Qxd7 Nfxd7 19. Kf1 Re7 20. Nd4 Bh7 21. Na4 Nc5 22. Nf3 Bc2 23. Nc3 Bxd1 24. Rxd1 Rae8 25. Nxe5 Rxe5 26. Nb1 R5e7 27. Nd2 Nd7 28. Nf3 Nc5 29. Nd4 g6 30. Nf3 Ne4 31. Nd4 Bxd4 32. Bxd4 b6 33. f3 Ng5 34. Bd3 Nh7 35. a4 a5 36. Kf2 f5 37. g4 fxg4 38. fxg4 Rf8+ 0-1

[Event "Wuerttemberg-ch Seniors op 26th"]
[Site "Freudenstadt"]
[Date "2014.07.24"]
[Round "9"]
[White "Just, Joachim"]
[Black "Mertens, Gottfried"]
[Result "0-1"]
[WhiteElo "1979"]
[BlackElo "1874"]
[PlyCount "142"]
[EventDate "2014.07.16"]
[EventType "swiss"]
[EventRounds "9"]
[EventCountry "GER"]
[SourceTitle "EXT 2019"]
[Source "ChessBase"]
[SourceDate "2018.10.10"]
[SourceVersion "1"]
[SourceVersionDate "2018.10.10"]
[SourceQuality "1"]

1. e4 e6 2. d4 d5 3. Bd3 dxe4 4. Bxe4 Nf6 5. Bf3 c5 6. Ne2 Qb6 7. 0-0 Bd7 8. c4 cxd4 9. Nxd4 Nc6 10. Nxc6 Bxc6 11. Nc3 Be7 12. Qe2 Bxf3 13. Qxf3 0-0 14. Nb5 Rfc8 15. Be3 Qc6 16. Qxc6 Rxc6 17. b3 Bc5 18. Bxc5 Rxc5 19. Rad1 a6 20. Nd6 Rc7 21. Rfe1 Kf8 22. Ne4 Nxe4 23. Rxe4 Ke7 24. Red4 Rac8 25. f4 b5 26. cxb5 axb5 27. a4 bxa4 28. bxa4 Ra8 29. Ra1 Ra5 30. Kf2 Rca7 31. Kf3 h5 32. h4 Kf6 33. Rb4 Ke7 34. Ke4 Kf6 35. g3 g6 36. Ra3 R7a6 37. Rc4 e5 38. Kf3 exf4 39. Rxf4+ Kg7 40. Ke3 f5 41. Kf3 Kf6 42. Rb4 Re5 43. Rab3 Ree6 44. Rc3 Ra5 45. Rcc4 Rea6 46. Kf4 Ra7 47. Rb6+ Kf7 48. Rbb4 Kf6 49. Ke3 R7a6 50. Kd3 Rd5+ 51. Rd4 Rda5 52. Kc3 Re5 53. Rd3 Re4 54. Kb3 g5 55. Rxe4 fxe4 56. Rd5 gxh4 57. gxh4 e3 58. Rd1 Kf5 59. Kb4 Ke4 60. Kb5 Ra8 61. a5 e2 62. Ra1 Ke3 63. Kb6 Kf2 64. Kb7 Re8 65. a6 e1Q 66. Rxe1 Rxe1 67. a7 Ra1 68. a8Q Rxa8 69. Kxa8 Kg3 70. Kb7 Kxh4 71. Kc6 Kg3 0-1

[Event "Wuerttemberg-ch Seniors op 26th"]
[Site "Freudenstadt"]
[Date "2014.07.22"]
[Round "7"]
[White "Juergens, Peter1111"]
[Black "Mertens, Gottfried"]
[Result "1/2-1/2"]
[WhiteElo "2015"]
[BlackElo "1874"]
[PlyCount "24"]
[EventDate "2014.07.16"]
[EventType "swiss"]
[EventRounds "9"]
[EventCountry "GER"]
[SourceTitle "EXT 2019"]
[Source "ChessBase"]
[SourceDate "2018.10.10"]
[SourceVersion "1"]
[SourceVersionDate "2018.10.10"]
[SourceQuality "1"]

1. d4 e6 2. Nf3 f5 3. Bf4 Nf6 4. e3 Be7 5. c4 c6 6. Nc3 0-0 7. Bd3 d5 8. h3 Ne4 9. Qc2 Nd7 10. cxd5 Nxc3 11. bxc3 cxd5 12. 0-0 Nf6 1/2-1/2

[Event "Wuerttemberg-ch Seniors op 26th"]
[Site "Freudenstadt"]
[Date "2014.07.16"]
[Round "1"]
[White "Prill, Gerhard"]
[Black "Mertens, Gottfried"]
[Result "1-0"]
[WhiteElo "2026"]
[BlackElo "1874"]
[PlyCount "55"]
[EventDate "2014.07.16"]
[EventType "swiss"]
[EventRounds "9"]
[EventCountry "GER"]
[SourceTitle "EXT 2019"]
[Source "ChessBase"]
[SourceDate "2018.10.10"]
[SourceVersion "1"]
[SourceVersionDate "2018.10.10"]
[SourceQuality "1"]

1. e4 e6 2. d4 d5 3. Nc3 Bb4 4. e5 c5 5. a3 Bxc3+ 6. bxc3 Nc6 7. Nf3 Bd7 8. Bd2 Qc7 9. Bd3 c4 10. Be2 f6 11. exf6 gxf6 12. Nh4 0-0-0 13. 0-0 Re8 14. Bh5 Re7 15. Qf3 Be8 16. Rfe1 Bxh5 17. Qxh5 Rg7 18. Qe8+ Nd8 19. Rxe6 Re7 20. Rxe7 Qxe7 21. Qb5 Qd7 22. Qc5+ Nc6 23. Qf8+ Nd8 24. Re1 Qf7 25. Qc5+ Nc6 26. Nf5 Qd7 27. Re8+ Qxe8 28. Nd6+ 1-0

[Event "Hessen-ch Seniors op 10th"]
[Site "Bad Sooden-Allendorf"]
[Date "2014.04.27"]
[Round "2"]
[White "Knaak, Hans"]
[Black "Mertens, Gottfried"]
[Result "1-0"]
[WhiteElo "1704"]
[BlackElo "1900"]
[PlyCount "89"]
[EventDate "2014.04.26"]
[EventType "swiss"]
[EventRounds "9"]
[EventCountry "GER"]
[SourceTitle "EXT 2018"]
[Source "ChessBase"]
[SourceDate "2017.10.13"]
[SourceVersion "1"]
[SourceVersionDate "2017.10.13"]
[SourceQuality "1"]

1. d4 f5 2. c4 Nf6 3. Nc3 g6 4. Bg5 Bg7 5. e3 d6 6. Be2 0-0 7. Qc2 Nc6 8. a3 a5 9. Bf3 Bd7 10. Nge2 Qc8 11. 0-0 e5 12. Bxf6 Bxf6 13. Bd5+ Kh8 14. Rad1 Ne7 15. c5 c6 16. Ba2 d5 17. Na4 Qc7 18. Nb6 Ra6 19. f4 exf4 20. exf4 Nc8 21. Na4 Ra8 22. Kh1 Qd8 23. Ng1 Be8 24. Nf3 Bf7 25. Rde1 Re8 26. Rxe8+ Bxe8 27. Re1 Bf7 28. g3 Qf8 29. h4 Na7 30. Nc3 Re8 31. Re2 Rxe2 32. Qxe2 Kg7 33. a4 Qe8 34. Bb1 Qxe2 35. Nxe2 Nc8 36. Bd3 Be6 37. Nc1 Bd8 38. Ne5 Bc7 39. Nf3 Bd7 40. Nb3 Ne7 41. Kg2 Ng8 42. Be2 Nf6 43. Nbd2 Ne4 44. Nb3 h6 45. Bd1 1-0

[Event "Hessen-ch Seniors op 10th"]
[Site "Bad Sooden-Allendorf"]
[Date "2014.04.26"]
[Round "1"]
[White "Mertens, Gottfried"]
[Black "Piankov, Evgenij"]
[Result "0-1"]
[WhiteElo "1900"]
[BlackElo "2262"]
[PlyCount "62"]
[EventDate "2014.04.26"]
[EventType "swiss"]
[EventRounds "9"]
[EventCountry "GER"]
[SourceTitle "EXT 2018"]
[Source "ChessBase"]
[SourceDate "2017.10.13"]
[SourceVersion "1"]
[SourceVersionDate "2017.10.13"]
[SourceQuality "1"]

1. f4 d5 2. Nf3 g6 3. g3 Bg7 4. Bg2 c5 5. 0-0 Nc6 6. d3 Nf6 7. Na3 0-0 8. c3 b6 9. Bd2 Bb7 10. Rb1 a5 11. Nc2 Qc7 12. Re1 Rfd8 13. a3 a4 14. b4 axb3 15. Rxb3 Na5 16. Rb1 Bc6 17. Ne5 Ba4 18. Qc1 Nb3 19. Qd1 e6 20. e3 Nd7 21. Nxd7 Rxd7 22. Qe2 Nxd2 23. Qxd2 Bxc2 24. Qxc2 Rxa3 25. Rb3 Rxb3 26. Qxb3 Rd8 27. Ra1 Rb8 28. d4 b5 29. Qd1 b4 30. cxb4 cxd4 31. exd4 Qc3 0-1